[Event "Karnataka State Open-ch 2018"]
[Site "Bengaluru"]
[Date "2018.04.15"]
[Round "4"]
[White "Basavaraj, D N Dr"]
[Black "Sekhawat, Hussen"]
[Result "1/2-1/2"]
[WhiteElo "1303"]
[BlackElo "1915"]
[Annotator "NA"]
[PlyCount "110"]
[EventDate "2018.??.??"]
[EventType "swiss"]
[EventCountry "IND"]
[SourceTitle "playchess.com"]
[Source "ChessBase"]
[SourceQuality "1"]
[TimeControl "5400+30"]

1. e4 {[%emt 0:00:00]} c6 {[%emt 0:00:21]} 2. Nf3 {[%emt 0:00:00]} d5 {[%emt 0:00:53]} 3. e5 {[%emt 0:00:18]} Bf5 {[%emt 0:01:46]} 4. d4 {[%emt 0:01:16]} e6 {[%emt 0:01:01]} 5. Nbd2 {[%emt 0:00:38]} Bb4 {[%emt 0:08:08]} 6. c3 {[%emt 0:00:13]} Ba5 {[%emt 0:00:19]} 7. Nb3 {[%emt 0:00:59]} Bb6 {[%emt 0:01:04]} 8. Bd3 {[%emt 0:01:14]} Ne7 {[%emt 0:01:00]} 9. Bg5 {[%emt 0:01:08]} Bxd3 {[%emt 0:03:55]} 10. Qxd3 {[%emt 0:00:20]} a5 {[%emt 0:01:12]} 11. a4 {[%emt 0:00:39]} h6 {[%emt 0:03:32]} 12. Bh4 {[%emt 0:01:21]} Qc7 {[%emt 0:00:19]} 13. g4 {[%emt 0:02:27]} Ng6 {[%emt 0:02:36]} 14. Bg3 {[%emt 0:00:22]} h5 {[%emt 0:00:21]} 15. gxh5 {[%emt 0:01:45]} Rxh5 {[%emt 0:00:36]} 16. h4 {[%emt 0:01:34]} Ne7 {[%emt 0:06:03]} 17. Ng5 {[%emt 0:01:52]} Nf5 {[%emt 0:00:46]} 18. Qf3 {[%emt 0:01:12]} g6 {[%emt 0:00:28]} 19. Nc1 {[%emt 0:01:25]} Qe7 {[%emt 0:03:17]} 20. Ne2 {[%emt 0:00:51]} Nd7 {[%emt 0:01:23]} 21. Nf4 {[%emt 0:00:38]} Rh6 {[%emt 0:02:04]} 22. O-O-O {[%emt 0:00:55]} O-O-O {[%emt 0:00:44]} 23. Rh3 {[%emt 0:05:28]} Rdh8 {[%emt 0:01:27]} 24. Rdh1 {[%emt 0:00:27]} Bd8 {[%emt 0:06:30]} 25. Kd2 {[%emt 0:04:35]} Nb6 {[%emt 0:01:42]} 26. b3 {[%emt 0:00:53]} Qe8 {[%emt 0:04:43]} 27. Qe2 {[%emt 0:05:35]} Be7 {[%emt 0:02:40]} 28. Qf3 {[%emt 0:04:41]} Nd7 {[%emt 0:02:06]} 29. Qd3 {[%emt 0:01:40]} Kb8 {[%emt 0:05:25]} 30. Qe2 {[%emt 0:05:41]} Ka7 {[%emt 0:01:19]} 31. Qf1 {[%emt 0:02:39]} b6 {[%emt 0:01:48]} 32. Qe2 {[%emt 0:02:52]} c5 {[%emt 0:01:08]} 33. Nf3 {[%emt 0:02:12]} Nb8 {[%emt 0:07:51]} 34. Qd3 {[%emt 0:09:41]} Na6 {[%emt 0:02:01]} 35. Qb5 {[%emt 0:02:29]} Qxb5 {[%emt 0:01:13]} 36. axb5 {[%emt 0:00:07]} Nc7 {[%emt 0:00:18]} 37. c4 {[%emt 0:00:48]} dxc4 {[%emt 0:03:34]} 38. bxc4 {[%emt 0:00:15]} cxd4 {[%emt 0:02:05]} 39. Kd3 {[%emt 0:00:41]} Kb7 {[%emt 0:02:40]} 40. Ng5 {[%emt 0:00:51]} Bxg5 {[%emt 0:01:05]} 41. hxg5 {[%emt 0:00:08]} Rxh3 {[%emt 0:00:09]} 42. Rxh3 {[%emt 0:00:24]} Rxh3 {[%emt 0:01:22]} 43. Nxh3 {[%emt 0:00:09]} Ne8 {[%emt 0:04:40]} 44. Bf4 {[%emt 0:00:29]} Neg7 {[%emt 0:01:21]} 45. Bc1 {[%emt 0:00:21]} Nh5 {[%emt 0:00:41]} 46. Nf4 {[%emt 0:00:55]} Nxf4+ {[%emt 0:01:36]} 47. Bxf4 {[%emt 0:00:09]} a4 {[%emt 0:01:10]} 48. Bc1 {[%emt 0:00:19]} Kc7 {[%emt 0:07:33]} 49. Bb2 {[%emt 0:00:11]} Nh4 {[%emt 0:00:58]} 50. f4 {[%emt 0:00:43]} Ng2 {[%emt 0:00:39]} 51. Bc1 {[%emt 0:01:12]} a3 {[%emt 0:00:15]} 52. Bxa3 {[%emt 0:01:05]} Nxf4+ {[%emt 0:00:07]} 53. Kxd4 {[%emt 0:00:31]} Nh5 {[%emt 0:00:39]} 54. c5 {[%emt 0:01:05]} Nf4 {[%emt 0:01:19]} 55. c6 {[%emt 0:00:40]} Nd5 1/2-1/2

[Event "Karnataka State Open-ch 2018"]
[Site "Bengaluru"]
[Date "2018.04.16"]
[Round "5"]
[White "Stany, G.A."]
[Black "Nikhil, R. Umesh"]
[Result "1-0"]
[WhiteElo "2493"]
[BlackElo "1734"]
[Annotator "TA"]
[PlyCount "55"]
[EventDate "2018.??.??"]
[EventType "swiss"]
[EventCountry "IND"]
[SourceTitle "playchess.com"]
[Source "ChessBase"]
[SourceQuality "1"]

{[%evp 19,55,64,66,63,47,60,90,97,166,81,105,104,97,79,123,106,130,141,191,179,189,122,105,102,225,230,231,217,350,345,343,330,695,679,1144,1143,1110,1102]} 1. e4 e6 2. d4 d5 3. Nd2 Nf6 4. e5 Nfd7 5. Bd3 c5 6. c3 Nc6 7. Ne2 Qb6 8. Nf3 f6 9. exf6 Nxf6 10. O-O Bd6 {LiveBook: 26 Games} 11. Bf4 {C06: French Tarrasch: 3...Nf6 4 e5 Nfd7 5 Bd3 main lines} (11. Rb1 O-O 12. Bf4 Bxf4 13. Nxf4 cxd4 14. cxd4 Ne4 15. Nh5 e5 16. dxe5 Bg4 17. Ng3 Bxf3 18. gxf3 Ng5 {0-1 (29) Moiseev,V (2415)-Pourramezanali,A (2463) Dubna 2015}) 11... Bxf4 12. Nxf4 Qc7 13. g3 {White is better.} O-O (13... cxd4 $16 14. Re1 (14. Nxd4 Nxd4 15. cxd4 Qb6 $16) (14. cxd4 Qb6 $16) 14... O-O) 14. Re1 (14. dxc5 $18 Qe7 15. Re1) 14... cxd4 $16 15. cxd4 Qb6 $146 ({Predecessor:} 15... Qd6) 16. Qd2 Nb4 17. Ng5 Nxd3 18. Qxd3 h6 19. Ngxe6 Bxe6 20. Nxe6 ({White should try} 20. Rxe6 $18 Qxb2 21. Rf1) 20... Rfe8 21. Qf5 Kf7 (21... Ne4 $16 {keeps fighting.}) 22. Rac1 $40 {[%mdl 128] White wants a kill.} g6 {[#]} 23. Qh3 $1 {Threatens to win with Re5.} ({Less strong is} 23. Qe5 Rac8 $14) 23... Re7 (23... h5 $142 24. Re5 Rxe6) 24. Nf4 {aiming for Rxe7+.} ({Weaker is} 24. Qxh6 Rxe6 25. Rxe6 Kxe6 $11) 24... Rxe1+ 25. Rxe1 g5 $2 {[#]} (25... h5 26. Nxd5 Qd6) 26. Nxd5 $1 {[%mdl 512] White is clearly winning.} Qxd4 (26... Nxd5 27. Qd7+) 27. Qe6+ Kg7 28. Qe7+ {Precision: White = 48%, Black = 26%.} 1-0

[Event "Karnataka State Open-ch 2018"]
[Site "Bengaluru"]
[Date "2018.04.16"]
[Round "5"]
[White "Sanjay, N.."]
[Black "Rakshith R, Umesh"]
[Result "1-0"]
[WhiteElo "2346"]
[BlackElo "1728"]
[Annotator "RC"]
[PlyCount "137"]
[EventDate "2018.??.??"]
[EventType "swiss"]
[EventCountry "IND"]
[SourceTitle "playchess.com"]
[Source "ChessBase"]
[SourceQuality "1"]
[TimeControl "5400+30"]

1. Nf3 {[%emt 0:17:47]} d5 {[%emt 0:00:25]} 2. d4 {[%emt 0:00:10]} Nf6 {[%emt 0:00:20]} 3. c4 {[%emt 0:00:03]} e6 {[%emt 0:00:30]} 4. Nc3 {[%emt 0:00:10]} c6 {[%emt 0:01:06]} 5. Bg5 {[%emt 0:00:58]} Be7 {[%emt 0:00:31]} 6. e3 {[%emt 0:00:20]} Nbd7 {[%emt 0:02:40]} 7. Qc2 {[%emt 0:01:36]} O-O {[%emt 0:02:09]} 8. a3 {[%emt 0:02:09]} b6 {[%emt 0:04:16]} 9. cxd5 {[%emt 0:00:23]} exd5 {[%emt 0:07:12]} 10. Bd3 {[%emt 0:00:19]} Bb7 {[%emt 0:00:36]} 11. O-O {[%emt 0:00:37]} Re8 {[%emt 0:06:22]} 12. Ne5 {[%emt 0:21:53]} h6 {[%emt 0:07:55]} 13. Bh4 {[%emt 0:01:16]} Nxe5 {[%emt 0:05:41]} 14. dxe5 {[%emt 0:00:02]} Ne4 {[%emt 0:06:46]} 15. Bxe7 {[%emt 0:01:56]} Qxe7 {[%emt 0:01:02]} 16. Bxe4 {[%emt 0:08:37]} dxe4 {[%emt 0:00:18]} 17. Qxe4 {[%emt 0:00:12]} c5 {[%emt 0:03:42]} 18. Qf4 {[%emt 0:01:19]} Qxe5 {[%emt 0:09:39]} 19. Qxe5 {[%emt 0:00:41]} Rxe5 {[%emt 0:00:08]} 20. Rfd1 {[%emt 0:00:15]} Kf8 {[%emt 0:11:48]} 21. Rd7 {[%emt 0:03:28]} Re7 {[%emt 0:02:07]} 22. Rd2 {[%emt 0:00:21]} Ke8 {[%emt 0:02:50]} 23. Nb5 {[%emt 0:06:32]} Rd7 {[%emt 0:01:33]} 24. Nd6+ {[%emt 0:11:30]} Kf8 {[%emt 0:04:07]} 25. Rad1 {[%emt 0:09:01]} Rad8 {[%emt 0:00:19]} 26. e4 {[%emt 0:00:53]} f6 {[%emt 0:03:12]} 27. Kf1 {[%emt 0:07:35]} Ba6+ {[%emt 0:02:01]} 28. Ke1 {[%emt 0:00:01]} g6 {[%emt 0:00:34]} 29. Nc4 {[%emt 0:01:04]} Ke7 {[%emt 0:01:15]} 30. Ne3 {[%emt 0:01:05]} Rxd2 {[%emt 0:00:53]} 31. Rxd2 {[%emt 0:00:01]} Rxd2 {[%emt 0:00:03]} 32. Kxd2 {[%emt 0:00:10]} Bb7 {[%emt 0:00:15]} 33. f3 {[%emt 0:00:17]} b5 {[%emt 0:00:50]} 34. b4 {[%emt 0:00:24]} c4 {[%emt 0:01:39]} 35. Kc3 {[%emt 0:00:17]} h5 {[%emt 0:01:33]} 36. Kd4 {[%emt 0:01:06]} Kd6 {[%emt 0:00:20]} 37. h4 {[%emt 0:00:27]} a6 {[%emt 0:02:54]} 38. g3 {[%emt 0:01:37]} Bc6 {[%emt 0:01:27]} 39. f4 {[%emt 0:01:56]} Ke6 {[%emt 0:02:55]} 40. f5+ {[%emt 0:00:35]} gxf5 {[%emt 0:00:35]} 41. Nxf5 {[%emt 0:00:02]} Be8 {[%emt 0:03:12]} 42. Ne3 {[%emt 0:00:19]} Bc6 {[%emt 0:00:21]} 43. Nd1 {[%emt 0:00:20]} f5 {[%emt 0:00:49]} 44. e5 {[%emt 0:00:17]} Bb7 {[%emt 0:00:54]} 45. Nc3 {[%emt 0:00:09]} Bf3 {[%emt 0:00:28]} 46. a4 {[%emt 0:00:37]} Bc6 {[%emt 0:01:44]} 47. a5 {[%emt 0:01:31]} Bf3 {[%emt 0:00:37]} 48. Ke3 {[%emt 0:00:15]} Bb7 {[%emt 0:00:17]} 49. Kf4 {[%emt 0:00:48]} Bc6 {[%emt 0:00:07]} 50. Ne2 {[%emt 0:00:05]} Be4 {[%emt 0:00:42]} 51. Nd4+ {[%emt 0:01:19]} Kd5 {[%emt 0:01:13]} 52. Nxf5 {[%emt 0:00:23]} Bxf5 {[%emt 0:00:30]} 53. Kxf5 {[%emt 0:00:01]} c3 {[%emt 0:00:11]} 54. e6 {[%emt 0:00:01]} c2 {[%emt 0:00:35]} 55. e7 {[%emt 0:00:01]} c1=Q {[%emt 0:00:10]} 56. e8=Q {[%emt 0:00:07]} Qf1+ {[%emt 0:01:26]} 57. Kg5 {[%emt 0:00:38]} Kc4 {[%emt 0:00:18]} 58. Qe4+ {[%emt 0:00:46]} Kb3 {[%emt 0:00:11]} 59. Kxh5 {[%emt 0:00:40]} Qf7+ {[%emt 0:00:45]} 60. Kg5 {[%emt 0:00:49]} Qg7+ {[%emt 0:00:21]} 61. Kf4 {[%emt 0:00:11]} Qf8+ {[%emt 0:00:36]} 62. Ke3 {[%emt 0:00:46]} Qg8 {[%emt 0:00:41]} 63. g4 {[%emt 0:00:37]} Qc4 {[%emt 0:00:33]} 64. g5 {[%emt 0:01:30]} Qc1+ {[%emt 0:00:46]} 65. Ke2 {[%emt 0:00:05]} Qc4+ {[%emt 0:00:22]} 66. Qxc4+ {[%emt 0:00:18]} bxc4 {[%emt 0:00:05]} 67. g6 {[%emt 0:00:05]} c3 {[%emt 0:00:03]} 68. g7 {[%emt 0:00:03]} c2 {[%emt 0:00:04]} 69. g8=Q+ {[%emt 0:00:06]} 1-0

[Event "Karnataka State Open-ch 2018"]
[Site "Bengaluru"]
[Date "2018.04.16"]
[Round "5"]
[White "Ojas, Kulkarni"]
[Black "Namboothiri, K N"]
[Result "1/2-1/2"]
[WhiteElo "2252"]
[BlackElo "1712"]
[Annotator "ChessBase"]
[PlyCount "80"]
[EventDate "2018.??.??"]
[EventType "swiss"]
[EventCountry "IND"]
[SourceTitle "playchess.com"]
[Source "ChessBase"]
[SourceQuality "1"]
[TimeControl "5400+30"]

1. c4 {[%emt 0:00:00]} Nf6 {[%emt 0:00:24]} 2. g3 {[%emt 0:00:00]} g6 {[%emt 0:01:09]} 3. b3 {[%emt 0:00:00]} Bg7 {[%emt 0:00:19]} 4. Bb2 {[%emt 0:00:08]} c5 {[%emt 0:02:51]} 5. Bg2 {[%emt 0:00:19]} d6 {[%emt 0:00:58]} 6. Nf3 {[%emt 0:02:03]} O-O {[%emt 0:00:37]} 7. O-O {[%emt 0:00:15]} Nc6 {[%emt 0:00:14]} 8. Nc3 {[%emt 0:03:01]} Bf5 {[%emt 0:00:53]} 9. h3 {[%emt 0:21:37]} h6 {[%emt 0:09:49]} 10. Nh4 {[%emt 0:02:32]} e5 {[%emt 0:06:07]} 11. Nxf5 {[%emt 0:05:15]} gxf5 {[%emt 0:00:02]} 12. e3 {[%emt 0:00:26]} Qd7 {[%emt 0:14:09]} 13. d3 {[%emt 0:37:38]} Rfe8 {[%emt 0:04:33]} 14. Nd5 {[%emt 0:03:32]} Nxd5 {[%emt 0:04:17]} 15. Bxd5 {[%emt 0:00:02]} Nb4 {[%emt 0:02:44]} 16. Bg2 {[%emt 0:01:10]} e4 {[%emt 0:00:36]} 17. Bxg7 {[%emt 0:01:06]} Kxg7 {[%emt 0:00:01]} 18. d4 {[%emt 0:06:13]} Rad8 19. Qe2 Nd3 {[%emt 0:13:47]} 20. Rad1 {[%emt 0:01:40]} cxd4 {[%emt 0:00:41]} 21. exd4 {[%emt 0:00:14]} d5 22. cxd5 {[%emt 0:05:28]} Nb4 {[%emt 0:04:38]} 23. d6 {[%emt 0:03:08]} Nd5 {[%emt 0:00:15]} 24. Qh5 {[%emt 0:01:55]} Qe6 {[%emt 0:00:33]} 25. Rfe1 {[%emt 0:01:41]} Rxd6 {[%emt 0:03:58]} 26. g4 {[%emt 0:00:26]} Nf4 {[%emt 0:02:43]} 27. Qxf5 {[%emt 0:00:05]} Qxf5 {[%emt 0:02:00]} 28. gxf5 {[%emt 0:00:02]} Nxg2 29. Kxg2 {[%emt 0:00:01]} Kf6 {[%emt 0:00:02]} 30. f3 {[%emt 0:02:27]} exf3+ {[%emt 0:04:45]} 31. Kxf3 {[%emt 0:00:26]} Rxe1 {[%emt 0:00:03]} 32. Rxe1 {[%emt 0:00:01]} Rxd4 {[%emt 0:00:02]} 33. Rc1 {[%emt 0:00:56]} Kxf5 {[%emt 0:02:18]} 34. Rc7 {[%emt 0:00:12]} Rd3+ {[%emt 0:02:55]} 35. Ke2 {[%emt 0:00:09]} Rxh3 {[%emt 0:00:19]} 36. Rxb7 {[%emt 0:00:05]} Rh2+ {[%emt 0:01:06]} 37. Kf3 {[%emt 0:00:01]} Rxa2 {[%emt 0:00:35]} 38. Rxf7+ {[%emt 0:00:02]} Kg6 {[%emt 0:01:35]} 39. Rc7 {[%emt 0:01:06]} Rb2 {[%emt 0:04:15]} 40. Rxa7 {[%emt 0:00:10]} Rxb3+ {[%emt 0:00:03]} 1/2-1/2

[Event "Karnataka State Open-ch 2018"]
[Site "Bengaluru"]
[Date "2018.04.16"]
[Round "5"]
[White "Kulkarni, Vinayak"]
[Black "Avinash Vaidyanathan"]
[Result "1/2-1/2"]
[WhiteElo "2179"]
[BlackElo "1683"]
[Annotator "NA"]
[PlyCount "50"]
[EventDate "2018.??.??"]
[EventType "swiss"]
[EventCountry "IND"]
[SourceTitle "playchess.com"]
[Source "ChessBase"]
[SourceQuality "1"]
[TimeControl "5400+30"]

{[%evp 19,43,-10,-12,-9,12,0,127,15,29,-2,13,-12,0,-7,0,0,44,32767,0,0,0,0,0,0,0,-172]} 1. Nf3 {[%emt 0:07:03]} b6 {[%emt 0:00:14]} 2. g3 {[%emt 0:00:12]} Bb7 {[%emt 0:00:08]} 3. Bg2 {[%emt 0:00:08]} e6 {[%emt 0:02:12]} 4. O-O {[%emt 0:01:28]} Nf6 {[%emt 0:00:34]} 5. d3 {[%emt 0:00:46]} d5 {[%emt 0:03:18]} 6. c4 {[%emt 0:02:03]} Be7 {[%emt 0:05:34]} 7. Nc3 {[%emt 0:11:02]} O-O {[%emt 0:04:17]} 8. Qc2 {[%emt 0:03:25] A17: English Opening: 1...Nf6 with ...Bb4} (8. cxd5 Nxd5 9. Bd2 c5 10. a3 Nd7 11. b4 Rc8 12. Qb3 Nxc3 13. Bxc3 Bd5 14. Qb2 Bf6 15. Rfc1 c4 {0-1 (77) Leon Hoyos,M (2539)-Moradiabadi,E (2571) Lubbock 2013}) 8... c5 {[%emt 0:06:18]} 9. e4 {[%emt 0:07:32]} Nc6 {[%emt 0:08:19]} 10. e5 {[%emt 0:05:12]} Ne8 {[%emt 0:02:01]} 11. Qe2 {[%emt 0:05:42]} Qd7 $146 {[%emt 0:02:37]} ({Predecessor:} 11... Nc7 12. h4 Qd7 13. Rd1 Rfd8 14. Bf4 {1-0 (32) Quinteros,M-Panno,O Buenos Aires 1970}) 12. Rd1 {[%emt 0:03:00]} f6 {[%emt 0:11:21]} (12... Nc7 $11 {keeps the balance.}) 13. Bf4 {[%emt 0:04:44]} d4 {[%emt 0:04:49]} 14. exf6 {[%emt 0:05:05]} Nxf6 {[%emt 0:04:25]} 15. Nb5 {[%emt 0:02:35]} Nh5 {[%emt 0:08:06]} 16. Bd2 {[%emt 0:04:55]} a6 {[%emt 0:03:48]} 17. Bh3 {[%emt 0:01:46]} Qd8 {[%emt 0:11:03]} (17... Rf5 $5) 18. Ne5 {[%emt 0:06:50]} Nxg3 {[%emt 0:06:03]} (18... Nxe5 $15 19. Qxe5 axb5 20. Bxe6+ Kh8 21. Qxh5 Bf3) 19. fxg3 {[%emt 0:04:14]} Nxe5 {[%emt 0:00:28]} 20. Qxe5 {[%emt 0:00:52]} axb5 {[%emt 0:00:10]} 21. cxb5 {[%emt 0:01:47]} Kh8 $1 {[%emt 0:01:14]} 22. Bxe6 $19 {[%emt 0:01:07]} (22. Bg2 $11 {and White is okay.} Bd5 23. Bxd5 exd5 24. Re1) 22... Bd6 {[%emt 0:01:45]} 23. Qg5 {[%emt 0:00:52]} Be7 {[%emt 0:00:24]} 24. Qe5 {[%emt 0:04:20]} Bd6 {[%emt 0:00:22]} 25. Qg5 {[%emt 0:00:33]} Be7 1/2-1/2

[Event "Karnataka State Open-ch 2018"]
[Site "Bengaluru"]
[Date "2018.04.16"]
[Round "5"]
[White "Hegde, Ravi Gopal"]
[Black "Anand Vittal T R"]
[Result "1/2-1/2"]
[WhiteElo "2139"]
[BlackElo "1624"]
[Annotator "TA"]
[PlyCount "62"]
[EventDate "2018.??.??"]
[EventType "swiss"]
[EventCountry "IND"]
[SourceTitle "playchess.com"]
[Source "ChessBase"]
[SourceQuality "1"]

{[%evp 18,62,16,17,40,50,64,0,10,8,4,0,36,31,31,8,35,0,-8,-31,85,82,66,85,66,84,121,109,235,131,139,115,120,95,114,0,0,0,0,0,0,0,0,0,0,0,0]} 1. e4 c5 2. c3 d5 3. exd5 Qxd5 4. d4 a6 5. Nf3 Bg4 6. Be2 {B28: Sicilian: 2 Nf3 a6 (O'Kelly Variation)} (6. dxc5 Qxc5 7. Be3 Qc7 8. Nbd2 Nf6 9. h3 Bh5 10. Qa4+ Nc6 11. Nd4 Rc8 12. Nxc6 Qxc6 13. Qxc6+ Rxc6 {½-½ (42) Anand,V (2782)-Artemiev,V (2691) Riadh 2017}) 6... e6 7. h3 Bh5 8. O-O Nf6 9. Be3 cxd4 10. cxd4 {LiveBook: 3 Games} Be7 11. Nc3 Qd6 12. a3 $146 (12. Qb3 $14) ({Predecessor:} 12. Qd2 Nc6 13. Bf4 Qd7 {1-0 (34) Umetsubo,C (2286)-De Souza,C (1890) Matinhos 2015}) 12... Nbd7 13. Qb3 O-O 14. Rad1 b5 15. d5 $36 {[%mdl 2048] White fights for an advantage.} e5 16. Rfe1 Rab8 17. Nd2 {And now Nce4 would win.} Bg6 18. Qa2 b4 (18... Bd8 $15 {stays ahead.}) 19. Nc4 $16 Qc7 20. axb4 Bxb4 21. Qxa6 Bxc3 22. bxc3 Rfc8 (22... Ne4 $16) 23. d6 (23. Nd6 $18) 23... Qd8 24. Bg5 Bc2 25. Rd2 Bb3 26. Bf1 (26. Ne3 $16) 26... Ra8 $1 $11 {[%cal Ra8a6] The position is equal.} 27. Qb5 Rab8 28. Qa6 Ra8 $1 {[%cal Ra8a6]} 29. Qb5 Rab8 30. Qa6 Ra8 $1 {[%cal Ra8a6]} 31. Qb5 Rab8 {Precision: White = 32%, Black = 50%.} 1/2-1/2

[Event "Karnataka State Open-ch 2018"]
[Site "Bengaluru"]
[Date "2018.04.16"]
[Round "5"]
[White "Raducanu, Andrei-Augustin"]
[Black "Ajitesh Kumara"]
[Result "1-0"]
[WhiteElo "2063"]
[BlackElo "1431"]
[Annotator "NA RC"]
[PlyCount "52"]
[EventDate "2018.??.??"]
[EventType "swiss"]
[EventCountry "IND"]
[SourceTitle "playchess.com"]
[Source "ChessBase"]
[SourceQuality "1"]
[TimeControl "5400+30"]

{[%evp 26,52,22,3,42,37,34,38,31,33,28,27,170,196,334,369,398,476,454,475,491,529,594,660,585,627,1068,1074,1631]} 1. e4 {[%emt 0:00:00]} e6 {[%emt 0:00:07]} 2. b3 {[%emt 0:00:00]} d5 {[%emt 0:00:09]} 3. Bb2 {[%emt 0:00:00]} c5 {[%emt 0:01:02]} 4. exd5 {[%emt 0:01:21]} exd5 {[%emt 0:00:06]} 5. d4 {[%emt 0:00:15] B20: Sicilian: Unusual White 2nd moves} (5. Bb5+ Bd7 6. Qe2+ Qe7 7. Nc3 Qxe2+ 8. Bxe2 d4 9. Nb5 Kd8 10. c3 a6 11. Na3 dxc3 12. dxc3 Nc6 {1-0 (33) Aronian,L (2752)-Van Wely,L (2647) Monte Carlo 2006}) 5... Nf6 {[%emt 0:01:23]} 6. Nf3 {[%emt 0:00:51]} Nc6 {[%emt 0:01:12]} 7. Be2 {[%emt 0:03:29]} Be7 {[%emt 0:03:47]} 8. O-O {[%emt 0:03:21]} O-O 9. c3 {[%emt 0:08:46]} b6 $146 {[%emt 0:05:22]} ({Predecessor:} 9... Bf5 10. Bd3 Bg4 11. Nbd2 cxd4 12. cxd4 Bb4 13. Qb1 Qa5 14. Qd1 Rfe8 15. a3 Bxd2 16. Qxd2 Bxf3 {0-1 (61) Cakic,D-Burkhardt,A (1714) Gerlingen 2011}) 10. Na3 {[%emt 0:05:46]} Bb7 {[%emt 0:04:38]} 11. Nc2 {[%emt 0:00:33]} Ne4 {[%emt 0:03:00]} 12. dxc5 {[%emt 0:15:19]} bxc5 {[%emt 0:02:30]} 13. Ne3 {[%emt 0:00:16]} Na5 {[%emt 0:09:24]} 14. b4 {[%emt 0:05:00]} cxb4 {[%emt 0:06:08]} (14... Nc4 $5 15. Nxc4 dxc4 $14) 15. cxb4 {[%emt 0:00:42]} Nc4 {[%emt 0:00:37]} 16. Nxc4 {[%emt 0:03:59]} dxc4 {[%emt 0:00:16]} 17. Bxc4 {[%emt 0:00:28]} Bxb4 {[%emt 0:04:18]} 18. Qb3 {[%emt 0:13:26]} Qb6 $2 {[%emt 0:03:08] [#]} (18... Qe7 $1 $11 {and Black has nothing to worry.}) 19. Ne5 $1 {[%emt 0:00:49]} Nd6 {[%emt 0:05:45] [#]} (19... Bc3 $142 20. Bxf7+ (20. Bxc3 Qxb3 21. axb3 Nxc3 $16) 20... Kh8) 20. Nd7 $1 {[%emt 0:00:26]} Qc6 {[%emt 0:04:09] [#]} 21. Nf6+ $1 {[%emt 0:00:11]} Kh8 {[%emt 0:01:29]} 22. Bd5 {[%emt 0:00:05]} Qb5 {[%emt 0:07:00]} 23. a4 {[%emt 0:07:49]} Bxd5 {[%emt 0:02:56]} 24. Qh3 {[%emt 0:00:15]} (24. axb5 $2 {is the wrong capture.} Bxb3 25. Rfb1 Rfc8 $19) ({Inferior is} 24. Qxd5 Qxd5 25. Nxd5 Bc5 $11) 24... Qxf1+ {[%emt 0:05:40]} 25. Rxf1 {[%emt 0:00:02]} h6 {[%emt 0:00:01]} 26. Nxd5 {[%emt 0:00:08]} Kg8 $18 1-0

[Event "Karnataka State Open-ch 2018"]
[Site "Bengaluru"]
[Date "2018.04.16"]
[Round "5"]
[White "Sridharan Ramanathan"]
[Black "Owais Md Q"]
[Result "1-0"]
[WhiteElo "1997"]
[BlackElo "1209"]
[Annotator "NA"]
[PlyCount "65"]
[EventDate "2018.??.??"]
[EventType "swiss"]
[EventCountry "IND"]
[SourceTitle "playchess.com"]
[Source "ChessBase"]
[SourceQuality "1"]
[TimeControl "5400+30"]

{[%evp 32,57,33,22,19,19,27,15,42,47,57,51,61,64,47,25,137,62,58,63,61,56,64,58,59,45,356,371]} 1. e4 {[%emt 0:00:00]} c5 {[%emt 0:01:12]} 2. Nf3 {[%emt 0:00:00]} d6 {[%emt 0:00:19]} 3. d4 {[%emt 0:00:00]} cxd4 {[%emt 0:00:16]} 4. Nxd4 {[%emt 0:00:04]} Nc6 {[%emt 0:00:25]} 5. Be2 {[%emt 0:02:15]} Nf6 {[%emt 0:01:07]} 6. Nc3 {[%emt 0:00:19]} g6 {[%emt 0:01:19]} 7. Be3 {[%emt 0:02:01]} Bg7 {[%emt 0:02:44]} 8. O-O {[%emt 0:01:42]} O-O {[%emt 0:00:23]} 9. Kh1 {[%emt 0:00:07]} Bd7 {[%emt 0:03:20]} 10. f4 {[%emt 0:02:39]} Rc8 {[%emt 0:01:34]} 11. Bf3 {[%emt 0:01:20]} a6 {[%emt 0:04:50]} 12. Nb3 {[%emt 0:02:27]} b5 {[%emt 0:04:14] B74: Sicilian Dragon: Classical System with 9 Nb3} 13. Qe2 {[%emt 0:09:39]} (13. Qd2 Bg4 14. Qf2 Bxf3 15. gxf3 Qd7 16. Rad1 Qb7 17. Rg1 b4 18. Nd5 a5 19. c4 bxc3 20. Nxc3 {1-0 (41) Kevlishvili,R (2375)-Beerdsen,T (2356) Rotterdam 2016}) 13... Be6 {[%emt 0:06:17]} 14. Rfd1 {[%emt 0:06:59]} Qc7 $146 {[%emt 0:02:24]} ({Predecessor:} 14... Nd7 15. Nd4 Nxd4 16. Bxd4 Qc7 17. Nd5 Bxd5 18. exd5 Bxd4 19. Rxd4 Qxc2 20. Qxe7 Qxb2 {0-1 (32) Jasik,P (2020)-Zaskalski,A (2210) Wisla 1998}) 15. Nd5 {[%emt 0:02:16]} Bxd5 {[%emt 0:01:27]} 16. exd5 {[%emt 0:00:16]} Na5 {[%emt 0:06:45]} 17. Nxa5 {[%emt 0:06:00]} Qxa5 {[%emt 0:00:31]} 18. Bd4 {[%emt 0:01:54]} Rfe8 {[%emt 0:09:13]} 19. c3 {[%emt 0:04:39]} e5 {[%emt 0:17:15]} 20. dxe6 $1 {[%emt 0:09:30]} Rxe6 {[%emt 0:01:21]} 21. Qd3 {[%emt 0:00:40]} Rce8 {[%emt 0:05:34]} 22. f5 {[%emt 0:03:01]} R6e7 {[%emt 0:01:51]} 23. fxg6 {[%emt 0:05:20]} (23. a4 $5) 23... fxg6 {[%emt 0:00:27]} (23... hxg6 $11 24. a4 Ne4) 24. Bxf6 {[%emt 0:02:58]} (24. Bc6 $16 Rf8 25. a4 bxa4 26. Bxa4 (26. Rxa4 Qh5 $18)) 24... Bxf6 {[%emt 0:01:39]} 25. Qxd6 {[%emt 0:03:13]} Be5 {[%emt 0:06:48]} 26. Qd2 {[%emt 0:05:41]} Qc7 {[%emt 0:02:06]} 27. g3 {[%emt 0:02:04]} Rf8 {[%emt 0:01:55]} 28. Qg2 {[%emt 0:02:07]} Ref7 $2 {[%emt 0:00:56]} (28... Kg7 $14) 29. Bd5 $18 {[%emt 0:00:28]} Qc5 {[%emt 0:04:24]} 30. Bxf7+ {[%emt 0:01:47]} Rxf7 {[%emt 0:00:06]} 31. Rf1 {[%emt 0:02:09]} Rd7 {[%emt 0:01:32]} 32. Rad1 {[%emt 0:00:21]} Rxd1 {[%emt 0:00:59]} 33. Rxd1 {[%emt 0:00:21]} 1-0